00808nam a2200217 a 450000100100000000500170001000800410002702000150006804000250008308200150010810000420012324501070016526000450027230000270031749000120034470000420035670000430039883000190044195201130046099900170057300004214820201002035953.0131114s2006 pr a 000 0 spa d a1881732061 aDO-SdBNPbspacBNPHU axxxbR696m1 aRodríguez Nietzsche, Vicente95608410aMadrigales /cVicente Rodríguez Nietzsche, Andrés Castro Ríos ; prólogo Reynaldo Marcos Padua. aSan Juan, Puerto Rico :bGuajana,c2006. a59 p. :bil. ;c21 cm.1 aGuajana12aCastro Ríos, Andrésd1942-96914212aPadua, Reynaldo Marcosepról.969131 0aGuajana955960 001050718MOaGRbGRcCTd2013-11-14iLF1l0oxxx R696mp42148-10r2020-06-25w2020-06-25y1ZNo se presta c41637d41637